|
|
|
|
| LEADER |
00592nam a22001932a 4500 |
| 001 |
000971710 |
| 003 |
CZ BrMZK |
| 005 |
20100325135920.0 |
| 007 |
ta |
| 008 |
091019s1958 pl er|||||||||||pol d |
| 040 |
|
|
|a ABA001
|b cze
|d BOA001
|
| 100 |
1 |
|
|a Staff, Leopold,
|d 1878-1957
|7 ola2003172166
|4 aut
|
| 245 |
1 |
0 |
|a Michał Anioł /
|c Leopold Staff
|
| 260 |
|
|
|a Warszawa :
|b Czytelnik,
|c 1958
|
| 300 |
|
|
|a 115 s. :
|b 32 s., příl ;
|c 20 cm
|
| 910 |
|
|
|a BOA001
|b 1-0413.777
|
| 990 |
|
|
|a BK
|
| 991 |
|
|
|b 200910
|
| 996 |
7 |
|
|b 2619422202
|c 1-0413.777
|l MZK
|r Sklad / do 1 hodiny
|n 0
|w 000971710
|u 000010
|a 1
|e BOA001
|j MZK50
|s A
|